All of One Direction's songs - Statistics

General Stats
  • This quiz has been taken 69 times
  • The average score is 78 of 128
Answer Stats
Hint Answer % Correct
Midnight Memories | Midnight Memories (Deluxe) Midnight Memories
89%
Up All Night What Makes You Beautiful
89%
Live - EP What Makes You Beautiful - Live
89%
Best Song Ever (From THIS IS US) | Midnight Memories (Deluxe) Best Song Ever
82%
Best Song Ever (From THIS IS US) | Remixes - EP Best Song Ever - Jump Smokers Remix
82%
Best Song Ever (From THIS IS US) | Remixes - EP Best Song Ever - Kat Krazy Remix
82%
Remixes - EP Best Song Ever - Westfunk & Steve Smart Remix
82%
Up All Night One Thing
82%
Acoustic - EP One Thing - Acoustic
82%
Up All Night Up All Night
82%
Live - EP Up All Night - Live
82%
Take Me Home (Expanded Edition) Kiss You
79%
Best Song Ever (From THIS IS US) Kiss You - Live Version From The Motion Picture "One Direction: This Is Us"
79%
Remixes - EP Kiss You - Sharoque Remix
79%
Take Me Home (Expanded Edition) Live While We're Young
76%
Remixes - EP Live While We're Young - Dave Aude Remix
76%
Remixes - EP Live While We're Young - The Jump Smokers Remix
76%
FOUR (Deluxe) Night Changes
76%
Remixes - EP Night Changes - Afterhrs Remix
76%
Acoustic - EP Night Changes - Live Acoustic Session
76%
FOUR (Deluxe) Steal My GIrl
76%
Remixes - EP Steal My Girl - 88 Ninety's 'Raiders of the Lost Art' Remix
76%
Acoustic - EP Steal My Girl - Acoustic Version
76%
Remixes - EP Steal My Girl - Big Payno & Afterhrs Pool Party Remix
76%
Acoustic - EP Steal My Girl - Live Acoustic Session
76%
Midnight Memories (Deluxe) Diana
74%
Made In The A.M. (Deluxe Edition) Drag Me Down
74%
Remixes - EP Drag Me Down - Big Payno x AFTERHRS Remix
74%
Take Me Home (Expanded Edition) Little Things
74%
Up All Night Gotta Be You
71%
Live - EP Gotta Be You - Live
71%
Remixes - EP Gotta Be You - Mojave Remix
71%
Remixes - EP Gotta Be You - Steve Smart & Westfunk Remix
71%
Made In The A.M. (Deluxe Edition) Perfect
71%
Remixes - EP Perfect - Matoma Remix
71%
Acoustic - EP Perfect - Stripped
71%
Take Me Home (Expanded Edition) Rock Me
71%
Midnight Memories Rock Me - Live Version from The Motion Picture "One Direction: This Is Us"
71%
Made In The A.M. (Deluxe Edition) History
68%
Up All Night I Want
68%
Live - EP I Want - Live
68%
FOUR (Deluxe) No Control
68%
Midnight Memories (Deluxe) You & I
68%
Remixes - EP You & I - Big Payno Remix
68%
Rarities - EP You & I - Duet Version
68%
Rarities - EP You & I - Piano Version
68%
Rarities - EP You & I - Radio Edit
68%
FOUR (Deluxe) 18
66%
Midnight Memories (Deluxe) Little Black Dress
66%
--- Single --- One Way Or Another (Teenage Kicks)
66%
--- Single --- One Way Or Another (Teenage Kicks) - Instrumental
66%
--- Single --- One Way Or Another (Teenage Kicks) - Sharoque Remix
66%
Midnight Memories (Deluxe) Story Of My Life
66%
Midnight Memories Story Of My Life - Live X factor Performance
66%
Made In The A.M. (Deluxe Edition) A.M.
63%
Made In The A.M. (Deluxe Edition) Olivia
63%
Take Me Home (Expanded Edition) I Would
61%
Up All Night Na Na Na
61%
FOUR (Deluxe) Stockholm Syndrome
61%
Made In The A.M. (Deluxe Edition) Wolves
61%
FOUR (Deluxe) Act My Age
58%
Take Me Home (Expanded Edition) C'mon, C'mon
58%
Midnight Memories C'mon, C'mon - Live Version from The Motion Picture "One Direction: This Is Us"
58%
FOUR (Deluxe) Fireproof
58%
Made In The A.M. (Deluxe Edition) Hey Angel
58%
Up All Night I Wish
58%
Take Me Home (Expanded Edition) Magic
58%
Up All Night More Than This
58%
Live - EP More Than This - Live
58%
Midnight Memories (Deluxe) Don't Forget Where You Belong
55%
Take Me Home (Expanded Edition) Last First Kiss
55%
Take Me Home (Expanded Edition) They Don't Know About US
55%
FOUR (Deluxe) Where Do Broken Hearts Go
55%
FOUR (Deluxe) Change Your Ticket
53%
FOUR (Deluxe) Fool's Gold
53%
Made In The A.M. (Deluxe Edition) Infinity
53%
Midnight Memories (Deluxe) Little White Lies
53%
Made In The A.M. (Deluxe Edition) Never Enough
53%
Up All Night Stand Up
53%
Midnight Memories (Deluxe) Strong
53%
Take Me Home (Expanded Edition) Summer Love
53%
Midnight Memories (Deluxe) Alive
50%
Made In The A.M. (Deluxe Edition) End of the Day
50%
FOUR (Deluxe) Girl Almighty
50%
Midnight Memories (Deluxe) Half a Heart
50%
Take Me Home (Expanded Edition) Heart Attack
50%
Rarities - EP Home
50%
Made In The A.M. (Deluxe Edition) I Want to Write You a Song
50%
Take Me Home (Expanded Edition) Over Again
50%
FOUR (Deluxe) Ready To Run
50%
Up All Night Taken
50%
FOUR (Deluxe) Clouds
47%
Made In The A.M. (Deluxe Edition) If I Could Fly
47%
Made In The A.M. (Deluxe Edition) Love You Goodbye
47%
Up All Night Moments
47%
Take Me Home (Expanded Edition) She's Not Afraid
47%
Made In The A.M. (Deluxe Edition) Temporary Fix
47%
Take Me Home (Expanded Edition) Truly Madly Deeply
47%
FOUR (Deluxe) Illusion
45%
Up All Night I should Have Kissed You
45%
Made In The A.M. (Deluxe Edition) Long Way Down
45%
Midnight Memories (Deluxe) Right Now
45%
Up All Night Stole My Heart
45%
Midnight Memories (Deluxe) Through the Dark
45%
Made In The A.M. (Deluxe Edition) Walking in the Wind
45%
Made In The A.M. (Deluxe Edition) What a Feeling
45%
Up All Night Another World
42%
Take Me Home (Expanded Edition) Back For You
42%
Take Me Home (Expanded Edition) Change My Mind
42%
Midnight Memories (Deluxe) Does He Know?
42%
Midnight Memories (Deluxe) Happily
42%
Up All Night Same Mistakes
42%
Up All Night Save You TOnight
42%
FOUR (Deluxe) Spaces
42%
Midnight Memories (Deluxe) Better Than Words
39%
Take Me Home (Expanded Edition) Nobody Compares
39%
Midnight Memories (Deluxe) Something Great
39%
Up All Night Tell Me A Lie
39%
Up All Night Everything About you
37%
Take Me Home (Expanded Edition) Loved You First
37%
Take Me Home (Expanded Edition) Still The One
37%
Midnight Memories (Deluxe) Why Don't We Go There
37%
FOUR (Deluxe) Once in a Lifetime
32%
Take Me Home (Expanded Edition) Irresistable
18%
No matching quizzes found
Score Distribution
Percent of People with Each Score
Percentile by Number Answered
Your Score History
You have not taken this quiz